000 01206nam0a2200301 4500
001 RU\NLR\bibl\150593
005 20250618051044.0
010 _a5-7281-0285-9
_91000
021 _aRU
_b2000-51793
_92386
035 _a(NLR Aleph) 000147608
090 _a846409
_c846409
100 _a20010420d2000 |||y0rusy50 ca
101 0 _arus
102 _aRU
105 _aa |||||||||
200 1 _aМысль и действие
_eФилософия истории. Эстетика. Критика. Публицистика. Воспоминания. Письма
_fБорис Шрагин
_g[Рос. гос. гуманит. ун-т]
210 _aМ.
_cРос. гос. гуманит. ун-т
_d2000
215 _a473,[4] с.
_cил., портр.
_d22
320 _aБиблиогр. в подстроч. прим.
606 0 _aСоциальная философия
_jСборники
_yРоссия
_z20 в.
_92146634
_3RU\NLR\auth\661293219
686 _aЮ6я44
700 1 _aШрагин
_bБ. И.
_f1926-1990
_gБорис Иосифович
_4070
801 0 _aRU
_bNLR
_c20010420
_gPSBO
801 1 _aRU
_bNLR
_c20010420
830 _aАвт. по кн.
942 _cBOOK
980 _aNB